000 00450nam a2200181Ia 4500
001 1974
005 20260306143808.0
008 260306t2014||||xx |||||||||||||| ||spa||
041 _aESP
082 _a158.7
_bS23
100 _aSánchez Gómez, Roberto
_eAUT
245 0 _aGestión y psicología en empresas y organizaciones
260 _c2014
300 _a340 páginas :
_c24 cm.
650 _aGEN
654 _aCPS
942 _cLIB
_dJUS
_fJUS
_2ddc
_n
999 _c1974
_d1974